header

Rapid training development (Record no. 206576)

MARC details
000 -LEADER
fixed length control field 01157nam a22002894a 4500
082 04 - DEWEY DECIMAL CLASSIFICATION NUMBER
Classification number 371.3
100 1# - MAIN ENTRY--AUTHOR NAME
Personal name Piskurich, George M.
245 10 - TITLE STATEMENT
Title Rapid training development
260 ## - PUBLICATION, DISTRIBUTION, ETC. (IMPRINT)
Place of publication San Francisco :
Name of publisher Pfeiffer,
Year of publication c2009.
300 ## - PHYSICAL DESCRIPTION
Number of Pages xvi, 176 p.
650 #0 - SUBJECT ADDED ENTRY--TOPICAL TERM
Topical Term Instructional systems
856 40 - ELECTRONIC LOCATION AND ACCESS
Uniform Resource Identifier http://site.ebrary.com/lib/rucke/Doc?id=10381113

No items available.

© 2026 Rongo University
Contact us: librarian | system librarian | Rongo university